[Event "HUN-chT 2019-20"]
[Site "Budapest"]
[Date "2019.11.17"]
[Round "2.41"]
[White "Ruck, Robert"]
[Black "Kaczur, Florian"]
[Result "1-0"]
[WhiteElo "2526"]
[BlackElo "2464"]
[Annotator "TA"]
[PlyCount "59"]
[EventDate "2019.11.16"]
[EventType "team-tourn"]
[EventCountry "HUN"]
[SourceTitle "playchess.com"]
[Source "ChessBase"]
[SourceQuality "1"]

{[%evp 9,59,16,53,44,46,47,34,32,56,38,50,51,64,37,33,35,37,25,37,24,77,22,15,22,26,29,55,55,102,20,256,253,396,401,1858,1897,1776,1791,1773,1791,1694,1669,1652,1587,2110,2084,29990,1852,29997,29998,29998,29999]} 1. Nf3 d5 2. d4 Nf6 3. c4 e6 4. Nc3 dxc4 5. e4 b5 (5... Bb4 6. Bg5 c5 7. Bxc4 cxd4 8. Nxd4 Bxc3+ 9. bxc3 Qa5 10. Bd2 O-O 11. Qe2 e5 12. Nb3 Qc7 13. O-O Bg4 14. f3 Rc8 15. Bd5 Nxd5 16. exd5 Bh5 17. c4 {1-0 (38) Carlsen,M (2845)-Aronian,L (2763) Karlsruhe/Baden Baden 2019}) 6. e5 {D24: Queen's Gambit Accepted: 3 Nf3 Nf6 4 Nc3} Nd5 7. Nxb5 Nb6 8. Be2 {White is slightly better.} Nc6 9. O-O Be7 10. Be3 O-O 11. Qc1 Ba6 12. Nc3 Nb4 $146 ({Predecessor:} 12... Bb7 13. Rd1 {0-1 (37) Wang,Y (2737)-Mareco,S (2606) Baku 2016}) 13. Rd1 Rb8 14. b3 Qc8 (14... cxb3 $11 15. Bxa6 (15. axb3 Bxe2 16. Nxe2 Ra8 $11) 15... b2 16. Qxb2 Nxa6) 15. bxc4 ({White should try} 15. Bg5 $16 Bxg5 16. Nxg5) 15... Bxc4 $11 16. Bxc4 Nxc4 17. Bg5 Bxg5 18. Nxg5 h6 {[#]} 19. Nge4 ({Better is} 19. Nce4 $1 $16) 19... Qa6 $2 {[#]} (19... Kh8 $11) 20. Nf6+ $1 $40 {[%mdl 640] White is out for blood.} gxf6 (20... Kh8 $142 21. Nd7 {[%mdl 64] Double Attack} Nd5) 21. Qxh6 fxe5 (21... f5 $142 22. a3 Nxe5 23. axb4 (23. dxe5 Nc6 $18) 23... Qc6) 22. Ne4 {[%cal Re4f6]} f6 23. Qg6+ Kh8 24. Nxf6 Rxf6 25. Qxf6+ {[%mdl 64] Double Attack} Kg8 26. dxe5 Qb5 27. Qxe6+ Kh8 28. Rd7 (28. Qf6+ $142 Kg8 29. Rd4 Nxe5 30. Rh4 Nf7 31. Rg4+ Qg5 32. Rxg5+ Nxg5 33. Qxg5+ Kf8 34. Re1) 28... Qxe5 29. Qh6+ Kg8 30. Qh7+ {Accuracy: White = 66%, Black = 39%.} 1-0

[Event "HUN-chT 2019-20"]
[Site "Budapest"]
[Date "2019.11.17"]
[Round "2.42"]
[White "Lizak, Peter"]
[Black "Jankovic, Alojzije"]
[Result "1-0"]
[WhiteElo "2463"]
[BlackElo "2537"]
[Annotator "TA"]
[PlyCount "82"]
[EventDate "2019.11.16"]
[EventType "team-tourn"]
[EventCountry "HUN"]
[SourceTitle "playchess.com"]
[Source "ChessBase"]
[SourceQuality "1"]

{[%evp 9,82,11,44,8,10,7,24,0,0,0,0,0,3,0,8,2,8,15,16,17,24,0,42,37,40,32,49,55,58,57,69,57,98,80,91,93,168,198,180,175,177,145,788,779,771,739,724,724,1450,834,834,833,817,817,802,793,793,779,783,768,781,774,1622,1463,2246,2195,29967,29972,29972,29973,29969,29971,29958,6270,29969]} 1. d4 Nf6 2. Bf4 g6 3. Nc3 d5 4. e3 c6 (4... Bg7 5. h4 c6 6. Be2 Qb6 7. Rb1 h5 8. Nf3 Bg4 9. Ne5 Bxe2 10. Qxe2 Nbd7 11. Qf3 Qa6 {0-1 (32) Karjakin,S (2750)-Yu,Y (2752) Saint Louis 2019}) 5. Be2 Qb6 6. a3 {A45: Trompowsky Attack} Bg7 7. Nf3 Bg4 8. O-O {White has an edge.} Nbd7 $146 ({Predecessor:} 8... Bxf3 9. Bxf3 Nbd7 10. b4 O-O 11. Rb1 Rfe8 12. Na4 {½-½ (27) Elissalt Cardenas,H (2334)-Renteria Becerra,J (2313) Madrid 2014}) 9. h3 Bxf3 10. Bxf3 O-O 11. b4 Rfe8 12. Na4 Qd8 13. Nc5 $36 {[%mdl 2048] White has the initiative.} Nxc5 14. bxc5 Nd7 15. c3 b6 16. c4 e5 17. dxe5 Nxe5 18. Bxe5 Rxe5 19. cxd5 cxd5 20. Rc1 Bf8 21. Qd4 Rf5 22. c6 {[%cal Bc5c6,Bc6c7][%mdl 32] aiming for c7.} Bxa3 (22... Qc7 $16 {keeps fighting.}) 23. c7 $18 Qd7 {[#]} 24. Bg4 $1 {[%cal Rg4f5]} Bxc1 25. Rxc1 {Threatens to win with e4.} h5 $2 {[%mdl 8192]} (25... Rc8 $16) 26. Bxf5 gxf5 {[%mdl 4096] Endgame KQR-KQR} 27. Qf6 {Strongly threatening Rc6.} Rc8 28. Rc6 {Threatening mate with Qg5+.} Kf8 29. Qh8+ Ke7 30. Qe5+ Qe6 31. Rxe6+ fxe6 {KQ-KR} 32. Qg7+ Kd6 33. Qh6 Rxc7 34. Qxh5 a5 35. Qe8 Rc4 {[#]} 36. h4 $1 a4 (36... Rxh4 37. Qd8+) 37. h5 Kc5 38. h6 a3 39. Qe7+ Kb5 40. Qxa3 Rh4 41. Qb2+ Kc5 {Accuracy: White = 76%, Black = 39%.} 1-0

[Event "HUN-chT 2019-20"]
[Site "Budapest"]
[Date "2019.11.17"]
[Round "2.43"]
[White "Kovacs, Gabor"]
[Black "Balazs, Gabor"]
[Result "1/2-1/2"]
[WhiteElo "2457"]
[BlackElo "2388"]
[Annotator "TA"]
[PlyCount "100"]
[EventDate "2019.11.16"]
[EventType "team-tourn"]
[EventCountry "HUN"]
[SourceTitle "playchess.com"]
[Source "ChessBase"]
[SourceQuality "1"]

{[%evp 18,100,13,7,14,6,12,6,4,9,24,0,14,5,24,0,7,0,0,0,10,7,8,0,0,0,0,4,14,16,12,10,8,0,0,0,8,12,20,0,0,11,10,0,0,0,58,54,57,0,25,24,21,30,23,19,27,3,0,0,8,0,0,0,5,0,0,0,0,0,8,8,7,0,9,0,0,0,0,0,0,0,0,0,0]} 1. c4 c6 2. e3 d5 3. b3 Nf6 4. Bb2 Bg4 5. Nf3 e6 6. Be2 Nbd7 7. d3 Bd6 8. h3 Bxf3 9. Bxf3 O-O 10. O-O Qe7 {A12: English Opening: 1...c6 with b3 by White} 11. Qc2 Rfe8 12. Nd2 e5 $146 ({Predecessor:} 12... Ba3 13. Bxa3 {½-½ (13) Kosten,A (2530)-Marcelin,C (2481) Besancon 2006}) 13. Rfd1 a5 14. Rab1 Ra6 15. Ba1 Bb8 16. Nf1 Ra8 17. Rdc1 e4 18. Be2 h6 19. Rd1 exd3 20. Qxd3 Be5 21. Bxe5 Qxe5 22. Qc2 dxc4 23. Bxc4 Nb6 24. Nd2 Red8 25. Nf3 Qc7 26. Be2 Rxd1+ 27. Rxd1 Rd8 (27... Qe7 {seems wilder.} 28. a4 Re8 29. Nd2 g6 30. Bf3 h5) 28. Qc5 Rxd1+ 29. Bxd1 Nbd5 30. Qa7 g6 31. Be2 Nc3 {[#]} (31... Kg7 $11) 32. Ba6 $1 $14 {[%mdl 512]} Nxa2 (32... bxa6 33. Qxc7) 33. Bxb7 ({White should play} 33. Qxb7 $14 Qxb7 34. Bxb7) 33... c5 34. Qa8+ Kg7 35. Ba6 Nc3 36. Bc4 Nce4 37. Qa6 Qd8 {White should prevent ...Qd1+.The position is equal.} 38. Bd3 Qd5 39. Qc4 Qxc4 40. Bxc4 $11 {[%mdl 4096] Endgame KBN-KNN} Nd7 41. Kf1 Nb6 42. Bd3 Nd6 43. Nd2 a4 44. bxa4 Nxa4 45. Ke1 f5 46. Bc2 Nb6 47. Nb3 Nd7 48. Kd2 Kf6 49. Na5 g5 50. Kc3 Ke5 {Accuracy: White = 50%, Black = 47%.} 1/2-1/2

[Event "HUN-chT 2019-20"]
[Site "Budapest"]
[Date "2019.11.17"]
[Round "2.44"]
[White "Krstulovic, Alex"]
[Black "Kiss, Attila"]
[Result "1/2-1/2"]
[WhiteElo "2325"]
[BlackElo "2335"]
[Annotator "TA"]
[PlyCount "63"]
[EventDate "2019.11.16"]
[EventType "team-tourn"]
[EventCountry "HUN"]
[SourceTitle "playchess.com"]
[Source "ChessBase"]
[SourceQuality "1"]

{[%evp 17,63,8,16,10,6,-9,0,0,0,0,8,0,0,0,0,0,0,0,0,-33,-24,-39,-40,-38,-39,-59,0,0,0,0,3,3,4,0,3,3,3,3,6,3,3,0,0,0,3,0,3,7]} 1. d4 d5 2. c4 dxc4 3. Nf3 a6 4. e3 Nf6 5. Bxc4 e6 6. O-O Nbd7 7. Qe2 b5 8. Bd3 c5 9. Rd1 Bb7 10. dxc5 {D28: Queen's Gambit Accepted: Classical main line: 7 Qe2 with early ...Nc6} (10. a4 bxa4 11. Rxa4 cxd4 12. exd4 Qb6 13. Nc3 Be7 14. Bg5 O-O 15. d5 Nc5 16. Rh4 Nxd3 17. Qxd3 g6 {1-0 (49) Riazantsev,A (2649)-Anisimov,P (2533) St Petersburg 2018}) 10... Bxc5 11. a3 O-O 12. b4 Be7 13. Bb2 Qc7 14. Nbd2 Rac8 15. e4 $146 ({Predecessor:} 15. Rac1 Qb8 {0-1 (27) Monteiro,P (1747)-Pritsopoulos,C (1974) Sao Paulo 2018}) 15... Rfd8 16. Rac1 Qb8 17. Rxc8 Rxc8 18. e5 Nd5 19. Ne4 Nf4 20. Qe3 Nxd3 21. Rxd3 Bxe4 (21... Bd5 $15) 22. Rxd7 $11 {The position is equal.} Bxf3 $1 23. Rxe7 Bh5 24. h3 h6 25. Qd4 Rd8 26. Rd7 Rxd7 27. Qxd7 Be2 28. Bd4 Bc4 29. Qc6 Qd8 30. Qd6 Qc8 31. Bc5 Bd5 32. Kh2 {Accuracy: White = 69%, Black = 60%.} 1/2-1/2

[Event "HUN-chT 2019-20"]
[Site "Budapest"]
[Date "2019.11.17"]
[Round "2.45"]
[White "Borhy, Marcell"]
[Black "Lazarne Vajda, Szidonia"]
[Result "1-0"]
[WhiteElo "2228"]
[BlackElo "2353"]
[Annotator "TA"]
[PlyCount "65"]
[EventDate "2019.11.16"]
[EventType "team-tourn"]
[EventCountry "HUN"]
[SourceTitle "playchess.com"]
[Source "ChessBase"]
[SourceQuality "1"]

{[%evp 19,64,35,57,33,46,8,66,58,80,81,125,111,110,84,74,65,125,103,188,195,204,204,192,199,266,254,250,245,472,470,423,402,440,416,454,396,1068,701,1400,1514,1381,1358,29990,29991,29997,29998,29999]} 1. d4 Nf6 2. c4 g6 3. Nf3 Bg7 4. g3 c6 5. Bg2 d5 6. Qa4 dxc4 7. Qxc4 O-O 8. Nc3 Na6 9. O-O Be6 10. Qa4 Qb6 11. e4 {D78: Fianchetto Grünfeld: 6 0-0 c6} (11. Rd1 Rfd8 12. h3 c5 13. dxc5 Nxc5 14. Rxd8+ Rxd8 15. Qa3 Nfe4 16. Be3 Nxc3 17. bxc3 Rc8 18. Ng5 Qc7 19. Qxa7 {1-0 (27) Wojtaszek,R (2705)-Melkumyan,H (2615) Warsaw 2011}) 11... Rfd8 12. h3 Qb4 (12... Ne8 $1 $11) 13. Qc2 $1 $14 {White is slightly better.} Qa5 14. Be3 h6 15. Rfd1 Ne8 $146 ({Predecessor:} 15... Rac8 16. a3 Qc7 17. b4 Nb8 {1-0 (64) Garcia Matos,R (2134)-Soto Lora,J (2025) Santo Domingo 2016}) 16. a3 Nd6 17. Bf4 g5 (17... Qb6 $14) 18. Be5 f6 (18... Bxe5 $16 {was necessary.} 19. Nxe5 Kg7) 19. Bxd6 $18 Rxd6 {[#]} 20. d5 $1 {[%cal Rd5e6][%mdl 512]} Bd7 (20... cxd5 21. Nd4) 21. dxc6 Rxd1+ (21... bxc6 $142 22. Rxd6 exd6) 22. Rxd1 Bxc6 23. Nd4 Qb6 $2 (23... Kh8 24. Nxc6 bxc6) 24. Nxc6 bxc6 25. Bf1 Nc5 26. b4 Nb7 27. Rd7 Nd8 $2 (27... Nd6 28. Na4 Qd4 29. Qxc6 Rf8) 28. Qd1 Bf8 29. Bc4+ Kh8 {[#]} 30. Qh5 $1 {[%mdl 512] Qg6 would kill now.} Kh7 {[#]} 31. Qe8 $1 {[%mdl 512] White mates.} Kg7 32. Rxe7+ Bxe7 33. Qg8# {Accuracy: White = 89%, Black = 23%.} 1-0

[Event "HUN-chT 2019-20"]
[Site "Budapest"]
[Date "2019.11.17"]
[Round "2.46"]
[White "Dankhazi, Andras"]
[Black "Lakos, Nikoletta"]
[Result "1-0"]
[WhiteElo "2277"]
[BlackElo "2218"]
[Annotator "TA"]
[PlyCount "99"]
[EventDate "2019.11.16"]
[EventType "team-tourn"]
[EventCountry "HUN"]
[SourceTitle "playchess.com"]
[Source "ChessBase"]
[SourceQuality "1"]

{[%evp 9,99,71,84,73,129,110,108,104,141,143,135,133,217,153,273,271,287,296,315,320,362,367,379,369,501,486,490,450,474,405,477,325,313,335,335,310,314,308,300,304,322,330,373,374,366,363,373,361,327,260,275,269,329,306,377,356,361,363,434,427,508,503,405,433,548,569,612,597,487,397,411,220,264,255,257,204,248,240,366,279,636,640,858,831,818,807,799,780,29979,29980,29980,29981]} 1. d4 d6 2. c4 e5 3. Nc3 Nf6 4. Nf3 e4 5. Nd2 Qe7 (5... Bf5 6. Qc2 Bg6 7. e3 c6 8. Be2 d5 9. Qb3 Qd7 10. O-O Be7 11. f3 O-O 12. fxe4 dxe4 13. c5 Na6 {1-0 (43) Nepomniachtchi,I (2729)-Rakhmanov,A (2653) Riadh 2017}) 6. Qc2 {[%cal Rd2e4] A54: Old Indian Defence with Nf3, but without e4} Nc6 (6... Bf5 $142) 7. e3 $16 Bf5 8. Nd5 {White is better.} Nxd5 9. cxd5 Nb8 10. f3 Bg6 $146 (10... c6 $16) ({Predecessor:} 10... c6 11. fxe4 Bg4 12. dxc6 bxc6 13. Nf3 {½-½ (28) Hohler,P (2245)-Sebban,J (2120) Cannes 1996}) 11. Nxe4 ({Don't play} 11. fxe4 Qd7) 11... f5 (11... Nd7 $16 {was worth a try.} 12. Qxc7 Bxe4) 12. Nc3 $18 a6 13. Bd3 Qh4+ 14. g3 Qf6 15. Ne2 c6 16. Nf4 Be7 17. Qb3 b5 18. dxc6 Bf7 19. Qc2 {[#] aiming for c7.} O-O 20. Bxf5 Nxc6 21. Bxh7+ Kh8 22. Qxc6 Kxh7 23. O-O Rac8 24. Qe4+ Kh8 25. Bd2 g5 26. Nd5 Bxd5 27. Qxd5 Rc2 28. Rf2 Rxb2 29. Bc3 Rxf2 30. Kxf2 Rc8 31. Rc1 b4 32. Bd2 Rxc1 33. Bxc1 Qg6 {Hoping for ...Qc2+.} 34. e4 Kg7 35. Bd2 g4 36. f4 a5 37. f5 Qh7 38. Kg1 Qg8 39. Qxa5 Qc4 40. Qa7 (40. Qxb4 $142 Qxa2 41. e5) 40... Kf8 41. Qb8+ Kf7 42. Qxb4 Qxa2 43. Bf4 Qa1+ (43... Qc2 {might work better.} 44. Qb7 (44. Bxd6 Bxd6 45. Qb7+ Kf8 $11) 44... Qd1+ 45. Kf2 Qxd4+ 46. Ke2 Qc4+ 47. Kd2 Qd4+ 48. Ke2 Qc4+ 49. Ke1 Ke8) 44. Kf2 Qh1 $2 (44... d5 45. Qb6 Qa2+ 46. Kf1 Qa1+ 47. Ke2 Qa2+ 48. Bd2 dxe4 49. Qg6+ Kf8) 45. Qc4+ Kg7 46. Qe6 {[%mdl 64] Double Attack} Qxh2+ 47. Kf1 Qh1+ {[#]} 48. Ke2 $1 Bf6 49. Qd7+ Kg8 50. Qe8+ {Accuracy: White = 74%, Black = 30%.} 1-0

[Event "HUN-chT 2019-20"]
[Site "Budapest"]
[Date "2019.11.17"]
[Round "2.48"]
[White "Molnar, Bela"]
[Black "Sardy, Peter"]
[Result "1-0"]
[WhiteElo "2306"]
[BlackElo "2344"]
[Annotator "TA"]
[PlyCount "37"]
[EventDate "2019.11.16"]
[EventType "team-tourn"]
[EventCountry "HUN"]
[SourceTitle "playchess.com"]
[Source "ChessBase"]
[SourceQuality "1"]

{[%evp 12,37,14,2,72,62,78,0,118,140,218,229,220,214,203,208,223,216,204,208,319,335,779,733,922,927,911,910]} 1. e4 c5 2. Nf3 e6 3. d4 cxd4 4. Nxd4 a6 5. Nc3 b5 6. g3 Bb7 7. Bg2 Bc5 {B43: Sicilian: Kan Variation: 5 Nc3} (7... b4 $11 8. Nce2 Nf6) (7... b4 8. Na4 Nf6 9. c4 d6 10. O-O Nbd7 11. Qe2 e5 12. Nf5 g6 13. Ne3 Bc6 14. b3 Bxa4 15. bxa4 Nc5 {1-0 (63) Andreikin,D (2710)-Khismatullin,D (2634) Satka 2018}) 8. O-O $16 Ne7 9. Be3 ({White should play} 9. Nb3 $16 Ba7 10. Bf4) 9... Qc7 (9... d6 $11) 10. a4 b4 $146 {[#]} (10... bxa4 $16 {was worth a try.} 11. Qh5 (11. Rxa4 d6 $14) (11. Nxa4 Ba7 $16) 11... e5) ({Predecessor:} 10... bxa4 11. Nxa4 Ba7 12. Qe2 O-O 13. Nb3 d6 14. Rfd1 Nd7 15. Bxa7 Rxa7 16. Nc3 Nc8 17. Rd4 Ndb6 18. Na5 Ba8 19. Nb3 {½-½ (19) Dabetic,R (2325)-Tosic,M (2445) Becici 1994}) 11. Ndb5 $1 $18 {[%mdl 512]} axb5 12. Nxb5 Qb6 {Strongly threatening ...Ra6.} 13. Bxc5 Qxc5 14. Nd6+ {[%mdl 64] Double Attack} Kf8 {[#] ...Bc6 is the strong threat.} 15. Nxb7 Qc6 (15... Qe5 {was called for.} 16. Qd6 Nbc6 17. Qxe5 (17. Qxd7 Qxb2 18. Rfd1 g6 $16) 17... Nxe5) 16. e5 Nd5 $2 (16... Qc7 17. Qf3 Ra6) 17. Nd6 {White is clearly winning.} Na6 18. c4 bxc3 19. bxc3 {Accuracy: White = 85%, Black = 27%.} 1-0

[Event "HUN-chT 2019-20"]
[Site "Budapest"]
[Date "2019.11.17"]
[Round "2.49"]
[White "Damljanovic, Branko"]
[Black "Lenic, Luka"]
[Result "1/2-1/2"]
[WhiteElo "2474"]
[BlackElo "2633"]
[Annotator "TA"]
[PlyCount "102"]
[EventDate "2019.11.16"]
[EventType "team-tourn"]
[EventCountry "HUN"]
[SourceTitle "playchess.com"]
[Source "ChessBase"]
[SourceQuality "1"]

{[%evp 20,102,-2,0,9,-21,-10,-4,-9,-40,-35,-47,-46,-52,-52,-76,-73,-79,-62,-51,-48,-107,-114,-116,-83,-142,-140,-123,-112,-116,-95,-86,-75,-81,-86,-66,-77,-105,-102,-120,-103,-464,-100,-107,-100,-108,-111,-108,-107,-113,-106,-161,-161,-141,0,0,0,-1,0,0,0,0,0,0,0,0,0,0,0,0,0,0,0,0,0,0,0,0,0,0,0,0,0,0,0]} 1. c4 c5 2. Nf3 Nf6 3. Nc3 Nc6 4. g3 e6 5. Bg2 d5 6. cxd5 Nxd5 7. O-O Be7 8. d4 O-O 9. dxc5 Nxc3 10. bxc3 Bxc5 11. Qc2 h6 {D41: Queen's Gambit Declined: Semi-Tarrasch with 5 cxd5} (11... Qe7 12. Ng5 f5 13. e4 h6 14. Nf3 Qf6 15. exf5 Qxf5 16. Qe2 Bd7 17. Be3 Bxe3 18. Qxe3 Rad8 19. Rad1 {1-0 (38) Eingorn,V (2570)-Vaganian,R (2600) Sochi 1986}) 12. Rb1 e5 13. Nd2 $146 ({Predecessor:} 13. Rb5 Qe7 14. Rd1 a6 15. Rb1 Be6 16. a4 Rad8 17. Rxd8 Rxd8 18. h4 Qd7 19. Bb2 Bf5 20. e4 Bg4 21. Re1 Bxf3 22. Bxf3 Qh3 23. Bg2 Qxg3 24. Ba3 Ba7 25. Rb1 Rd7 {0-1 (25) Szabados,K (2100)-Dimitrijevic,R (2211) Senta 2010}) 13... Qc7 14. Nb3 Be7 15. Be3 Be6 16. Qb2 Rfd8 17. Rfc1 Rac8 18. c4 Bf5 19. Ra1 Bf6 {And now ...e4 would win.} 20. Qa3 (20. Bd2 $15) 20... Nd4 $1 $17 {[%cal Rd4e2]} 21. Qb2 Bg4 22. Bf1 ({Better is} 22. Nxd4 exd4 23. Bf4) 22... Qd7 23. c5 Qb5 {[%cal Rd4e2]} 24. Rab1 Nxe2+ 25. Bxe2 Bxe2 {[#]} 26. Na5 $1 {[%mdl 512]} Qxa5 27. Qxe2 Rc7 $1 {[%cal Bc8c7,Bc7d7,Bd7d3][%mdl 32]} 28. Rc4 Qa6 $1 29. a4 Be7 30. Qg4 $2 {[%mdl 8192] [#]} (30. Qc2 $17) 30... Bf8 $2 (30... f5 $1 $19 {[%cal Rf5g4][%mdl 512] has better winning chances.} 31. Qe2 (31. Qxf5 Qxc4) 31... f4 $1 {[%mdl 512]}) 31. Rbc1 Qc6 32. h4 Rcd7 33. Kh2 Rd3 {Hoping for ...Rxe3!} 34. Re4 R8d5 35. h5 (35. Qe2 $17) 35... Bxc5 $19 36. Qf5 {[#] Bxc5 is the strong threat.} f6 (36... b6 $1 $17 37. Bxc5 bxc5) 37. Bxh6 $11 {The position is equal.} Qd7 38. Qxd7 Rxd7 39. Rxc5 {Threatens to win with Be3.} gxh6 {[%mdl 4096] Endgame KRR-KRR} 40. Rg4+ Kh7 41. Rg6 Rf3 42. Kg2 Rf5 43. Rc8 Rxh5 44. Rxf6 Kg7 45. Rff8 Rg5 46. Rh8 Rg6 47. Kh3 Kf6 48. Rce8 Kf5 49. Rhf8+ Ke4 50. Rf4+ Kd5 51. Rf5 Re6 {Accuracy: White = 55%, Black = 81%.} 1/2-1/2

[Event "HUN-chT 2019-20"]
[Site "Budapest"]
[Date "2019.11.17"]
[Round "2.50"]
[White "Volokitin, Andrei"]
[Black "Stankovic, Milos"]
[Result "1-0"]
[WhiteElo "2633"]
[BlackElo "2468"]
[Annotator "TA"]
[PlyCount "77"]
[EventDate "2019.11.16"]
[EventType "team-tourn"]
[EventCountry "HUN"]
[SourceTitle "playchess.com"]
[Source "ChessBase"]
[SourceQuality "1"]

{[%evp 16,76,14,12,26,14,34,35,49,44,30,27,45,38,39,44,31,39,36,30,47,48,26,32,45,45,42,37,50,52,70,80,85,43,51,46,60,68,74,66,72,60,79,79,69,62,219,193,253,250,245,233,189,192,732,732,681,693,6407,9610,29998,29999,29999]} 1. e4 e6 2. d4 d5 3. Nc3 Nf6 4. e5 Nfd7 5. f4 c5 6. Nf3 Nc6 7. Be3 Be7 8. Qd2 O-O 9. dxc5 Qa5 {C11: French: Classical System: 4 e5 and 4 Bg5 dxe4} (9... Nxc5 10. O-O-O a6 11. h4 Qc7 12. Bd3 Nb4 13. Kb1 Nbxd3 14. cxd3 Bd7 15. Rc1 Qb6 16. f5 Rfc8 17. Bg5 {1-0 (41) Shankland,S (2713)-Cori,J (2686) Biel 2019}) 10. O-O-O b6 11. Bb5 Nb4 {White is slightly better.} 12. a3 bxc5 {Threatening ...Na2+.} 13. Kb1 ({Much weaker is} 13. axb4 cxb4 14. Na4 Qxb5 $17) 13... Rb8 14. axb4 cxb4 15. Nxd5 $1 exd5 16. Bxd7 Bxd7 17. Qxd5 Qxd5 18. Rxd5 Bc6 $146 19. Ra5 Rfc8 20. b3 Be4 21. Rc1 Rc3 {aiming for ...Rxb3+.} 22. Bxa7 Rbc8 23. Nd4 Bxg2 24. Re1 g6 25. Re2 Bh3 26. Nb5 Rf3 27. Rf2 $1 {[%cal Rf2f3]} Rxf2 28. Bxf2 Bf5 29. Nd6 Bxc2+ 30. Kb2 Rc6 $2 (30... Bxd6 $1 $14 31. exd6 Be4) 31. Be1 $18 Bd3 {[#]} (31... f6 $142 32. Ra8+ (32. Bxb4 fxe5 33. fxe5 Bd1 $18) 32... Kg7) 32. Ra8+ $1 Kg7 {...Rc2+ is the strong threat.} 33. Bxb4 {Black must now prevent Ne8+.} Rc2+ 34. Ka3 {And now Ne8+ would win.} Rc1 $2 {[#]} (34... Bxd6 35. exd6 (35. Bxd6 h5 $16) 35... Bf5) 35. Ne8+ $1 {[%mdl 64] Discovered Attack} Kh6 36. Bxe7 {Threatening mate with Bg5+.} Ra1+ 37. Kb4 {White threatens Bg5+ and mate.} Rxa8 38. Bg5+ Kh5 39. Nf6# {Accuracy: White = 86%, Black = 29%.} 1-0

[Event "HUN-chT 2019-20"]
[Site "Budapest"]
[Date "2019.11.17"]
[Round "2.51"]
[White "Nestorovic, Dejan"]
[Black "Balogh, Csaba"]
[Result "1/2-1/2"]
[WhiteElo "2338"]
[BlackElo "2591"]
[Annotator "TA"]
[PlyCount "60"]
[EventDate "2019.11.16"]
[EventType "team-tourn"]
[EventCountry "HUN"]
[SourceTitle "playchess.com"]
[Source "ChessBase"]
[SourceQuality "1"]

{[%evp 10,60,12,6,25,0,0,0,14,0,0,0,0,-10,-10,-13,-6,-17,0,0,-6,-26,0,-30,0,0,0,0,0,-33,-25,-45,-43,-45,-30,-35,-25,-25,-25,-25,-25,-19,-25,-35,-25,-29,-25,-36,0,-8,0,-18,0]} 1. d4 d5 2. c4 c6 3. Nf3 Nf6 4. e3 Bg4 5. Qb3 Qb6 6. Ne5 Bf5 {D11: Slav Defence: 3 Nf3 sidelines and 3...Nf6 4 e3 Bg4} (6... Be6 7. Nc3 Nbd7 8. Nxd7 Bxd7 9. cxd5 Nxd5 10. Bc4 Qxb3 11. Bxb3 e6 12. Ne4 Be7 13. Bd2 b6 14. Rc1 {½-½ (44) Wojtaszek,R (2727)-Yu,Y (2765) Batumi 2018}) 7. cxd5 Qxb3 8. axb3 Nxd5 9. Bd3 Bxd3 10. Nxd3 e6 11. Nc3 $146 ({Predecessor:} 11. Bd2 Na6 12. Ke2 Nab4 13. Nxb4 Bxb4 14. Bxb4 Nxb4 {½-½ (42) Narciso Dublan,M (2521)-Balogh,C (2632) Barcelona 2013}) 11... Nb4 12. Nxb4 Bxb4 13. Bd2 Nd7 14. Ne4 Be7 15. Bc3 a6 (15... f5 $5 {[%cal Rf5e4]} 16. Nd2 O-O $11) 16. Ke2 h5 17. h4 Nf6 18. Nd2 Nd5 19. e4 Nc7 20. Ba5 Nb5 21. Nf3 f6 22. Rhd1 Kf7 23. Rac1 Bd8 24. Bxd8 Rhxd8 25. Ke3 Rd7 26. Rd3 Rad8 27. Rcd1 Ke7 28. g3 Rd6 29. Ng1 Rc8 30. b4 Rcd8 {Accuracy: White = 46%, Black = 56%.} 1/2-1/2

[Event "HUN-chT 2019-20"]
[Site "Budapest"]
[Date "2019.11.17"]
[Round "2.52"]
[White "Markus, Robert"]
[Black "Nagy, Daniel"]
[Result "1-0"]
[WhiteElo "2602"]
[BlackElo "2361"]
[Annotator "TA"]
[PlyCount "81"]
[EventDate "2019.11.16"]
[EventType "team-tourn"]
[EventCountry "HUN"]
[SourceTitle "playchess.com"]
[Source "ChessBase"]
[SourceQuality "1"]

{[%evp 19,87,14,52,21,50,14,34,29,30,27,45,42,41,17,6,0,0,0,0,-43,-26,-48,-26,-55,-27,-30,0,0,0,0,0,7,60,50,68,44,42,0,108,107,100,100,116,35,113,118,116,154,212,199,295,298,258,286,300,294,462,451,1000,917,964,727,1398,1374,1390,1321,1256,1163,1506,1514]} 1. d4 d5 2. c4 e6 3. Nf3 Nf6 4. e3 Be7 5. b3 O-O 6. Bd3 b6 7. O-O Bb7 8. Bb2 Nbd7 9. Nc3 Ne4 10. Rc1 f5 11. Rc2 $146 {E14: Queen's Indian: Classical Variation (4 e3)} ({Predecessor:} 11. Ne2 Bd6 12. Ne5 Bxe5 13. dxe5 Ndc5 14. Nd4 Qe8 15. Be2 dxc4 16. Bxc4 a5 17. f3 Ng5 18. Ba3 Rd8 {1-0 (69) Hansen,E (2629)-Hammer,J (2631) chess.com INT 2018}) 11... c6 12. Qc1 Nxc3 13. Rxc3 {White is slightly better.} Bb4 14. Rc2 Qe7 15. cxd5 exd5 16. a3 Bd6 17. Rxc6 Bxc6 18. Qxc6 Qe6 19. Ne5 (19. Rc1 $5 {[%cal Rf3g5]} Nc5 {[%mdl 64] Double Attack} 20. Bb5 $11) 19... Rad8 20. f4 Nf6 21. Qb7 Bxe5 (21... g6 {feels hotter.} 22. Qxa7 Ra8 23. Qxb6 Rab8 24. Qa6 Rxb3 25. Bc1 Re8) 22. dxe5 Rf7 23. Qa6 Ne4 {aiming for ...Nc5.} 24. Rc1 h6 25. b4 Rdd7 (25... Kh7 $11) 26. Qc8+ $1 $14 {[%mdl 1024] White has compensation.} Rf8 27. Qc6 Qe7 28. h3 Rb8 (28... Kh7 $11) 29. Qg6 $16 Qf7 30. Qxf7+ $1 Kxf7 31. Rc6 (31. Ba6 $16) 31... Re8 {[#]} (31... Re7 $1 $14) 32. g4 $1 $36 {[%mdl 2048] Black is under strong pressure.} fxg4 33. hxg4 Re6 (33... Kf8 $16 {is a better defense.}) 34. Rc8 $18 {Strongly threatening f5.} Rg6 {[#]} (34... Rde7 $142 35. Bxe4 dxe4) 35. g5 $1 {[%mdl 512]} Ke7 {[#] intending ...Rd8.} (35... hxg5 36. f5) 36. Bb5 $1 Rd8 37. Rc7+ Ke6 (37... Kf8 $142 38. e6 (38. Rxa7 Rc8 $18) 38... Rxe6) 38. Be2 {[%cal Re2g4] White is clearly winning.} Ng3 (38... Kf5 $142 39. Rf7+ Ke6) 39. Bg4+ Nf5 40. Bh5 Ne7 {[#]} 41. Bxg6 {Played: Rc7xe7} 1-0